| 000 | 00467nam a2200181Ia 4500 | ||
|---|---|---|---|
| 999 |
_c18679 _d18679 |
||
| 003 | 0100 | ||
| 005 | 20190702115022.0 | ||
| 008 | 130303s9999 xx 000 0 und d | ||
| 040 | _cARRUPELIB | ||
| 050 | _aHC59.15.B74 1994 | ||
| 100 |
_aBrecher, Jeremy _946775 |
||
| 245 | _aGlobal Village or Global Pillage | ||
| 245 | _bEconomic Reconstruction from the Bottom up | ||
| 260 |
_aBoston, Massachusetts _bSouth End Press _c1994 |
||
| 300 | _a237p | ||
| 650 |
_aEconomic Policy International Economic Relations _946776 |
||
| 700 |
_aCostello, Tim _946777 |
||
| 942 |
_2lcc _cMONOGRAPH |
||